| Tag |
First Indicator |
Second Indicator |
Subfields |
| LEADER |
00000cam a2200000 i 4500 |
| 001 |
in00003481997 |
| 005 |
20151206122700.0 |
| 008 |
761130q19001976ilu 00011 eng d |
| 035 |
|
|
|a (OCoLC)ocm02586888
|
| 040 |
|
|
|a SUC
|c SUC
|d TNY
|d UtOrBLW
|
| 043 |
|
|
|a n-us-ms
|
| 090 |
|
|
|a PS1269.C72
|b F72 1900z
|
| 100 |
1 |
|
|a Castlemon, Harry,
|d 1842-1915.
|
| 245 |
1 |
0 |
|a Frank before Vicksburg /
|c by Harry Castlemon.
|
| 264 |
|
1 |
|a Chicago :
|b M. A. Donohue,
|c [between 1900 and 1999]
|
| 300 |
|
|
|a 274 pages ;
|c 20 cm.
|
| 336 |
|
|
|a text
|b txt
|2 rdacontent
|
| 337 |
|
|
|a unmediated
|b n
|2 rdamedia
|
| 338 |
|
|
|a volume
|b nc
|2 rdacarrier
|
| 651 |
|
0 |
|a Vicksburg (Miss.)
|x History
|y Siege, 1863
|x Fiction.
|
| 999 |
|
|
|a MARS
|
| 999 |
f |
f |
|s 3fa86a82-f5e9-37d2-a3d6-4ab3a461e7f5
|i 5d577061-0625-30d9-8876-abdf1309cc4e
|t 0
|
| 952 |
f |
f |
|p ric
|a Texas A&M University
|b Rellis Campus
|c Joint Library Facility
|d Remote Storage
|t 0
|e PS1269.C72 F72 1900z
|h Library of Congress classification
|i unmediated -- volume
|m 32060002198311
|
| 998 |
f |
f |
|a PS1269.C72 F72 1900z
|t 0
|l Remote Storage
|